000 00229nam a22000857a 4500
008 160915b xxu||||| |||| 00| 0 eng d
100 _9511
_aGupta.R.G.
245 _aComposide Mathematics-7
260 _aNew Delhi
_bAPC. Publications
_c2010
999 _c3168
_d3168